[Event "29th Czech Open-Rapid 2018"]
[Site "Pardubice"]
[Date "2018.07.18"]
[Round "1"]
[White "WESTERINEN, HEIKKI MJ"]
[Black "Ludvik, Tomas"]
[Result "1-0"]
[WhiteElo "2312"]
[BlackElo "2048"]
[Annotator "TA"]
[PlyCount "97"]
[EventDate "2018.07.18"]
[EventType "swiss"]
[EventCountry "CZE"]
[SourceTitle "playchess.com"]
[Source "ChessBase"]
[SourceQuality "1"]

{[%evp 28,97,0,0,6,7,12,5,9,5,18,0,28,29,36,12,31,37,173,155,177,148,147,156,184,161,203,161,206,147,140,138,154,154,154,154,154,153,164,156,159,156,174,141,204,178,222,206,399,214,402,398,418,354,419,413,477,477,410,420,386,335,751,372,11553,10813,1808,721,783,764,1185,1103]} 1. e4 e6 2. d4 d5 3. Nd2 c5 4. exd5 Qxd5 5. Ngf3 cxd4 6. Bc4 Qd6 7. O-O Nf6 8. Nb3 Nc6 9. Nbxd4 Nxd4 10. Qxd4 Qxd4 11. Nxd4 Bd7 12. Bf4 Rc8 13. Bb3 Bc5 14. Rad1 O-O 15. Rfe1 {LiveBook: 24 Games} Rfe8 {C07: French Tarrasch: 3...c5, 4 Ngf3 and 4 exd5 Qxd5} (15... a5 16. a4 Rfd8 17. c3 Be8 18. h3 h6 19. Be5 Nd5 20. Nb5 Bc6 21. Nd4 Be8 22. Nb5 Bc6 23. Nd4 Be8 {½-½ (23) Rogic,D (2498)-Saric,A (2549) Germany 2017}) 16. c3 Bb6 $146 ({Predecessor:} 16... h6 17. h3 Bxd4 18. Rxd4 Bc6 19. f3 Bd5 20. Ba4 Bc6 21. Bb3 Bd5 22. Ba4 Bc6 {½-½ (22) Ali,G (2127)-Janse,R (2200) Sweden 2013}) 17. h3 h6 {The position is equal.} 18. Be5 Red8 19. Bd6 Bxd4 20. Rxd4 {Strongly threatening Be7.} Bc6 21. Be5 Rxd4 22. Bxd4 a6 {[#]} ({Better is} 22... Rd8 $14) 23. Rxe6 $1 {[%mdl 512]} Nd5 (23... fxe6 24. Bxe6+) 24. Re5 $36 {[%mdl 2048] White has strong initiative.} Rd8 25. f3 f6 26. Re2 Kf7 27. Kh2 Re8 28. Rxe8 Kxe8 $18 {[%mdl 4096] Endgame KBB-KBN} 29. Kg3 Kd7 30. c4 Ne7 {And now ...Nf5+ would win.} 31. Bc5 Nf5+ 32. Kf2 Ke6 33. Bc2 h5 34. b4 b5 35. Bd3 Nh6 (35... h4 $16 36. Ba7 Nd6) 36. g4 hxg4 37. hxg4 ({Much less strong is} 37. fxg4 Nf7) 37... Nf7 $2 (37... g5 38. Bd4 Nf7) 38. Bf5+ Ke5 39. Ke3 {[%csl Ge3][%cal Rf3f4]} g5 40. Bd4+ Kd6 41. cxb5 axb5 42. Bxf6 Bd5 43. a3 Bc4 44. Bd3 Kd5 $2 (44... Bxd3 45. Kxd3 Ke6) 45. Bg6 (45. Bxc4+ $142 bxc4 46. a4) 45... Ne5 $2 (45... Ke6 46. Bc3 Ne5) 46. Be4+ {White is clearly winning.} Ke6 47. Bxg5 (47. Bxe5 $142 Kxe5 48. Bd3) 47... Bf1 48. Kd4 Nc4 {[#]} 49. a4 $1 {Precision: White = 60%, Black = 28%.} 1-0

[Event "29th Czech Open-Rapid 2018"]
[Site "Pardubice"]
[Date "2018.07.18"]
[Round "1"]
[White "Nun, Jiri"]
[Black "Balazec, Ludovit"]
[Result "1-0"]
[WhiteElo "2306"]
[BlackElo "1991"]
[Annotator "TA"]
[PlyCount "53"]
[EventDate "2018.07.18"]
[EventType "swiss"]
[EventCountry "CZE"]
[SourceTitle "playchess.com"]
[Source "ChessBase"]
[SourceQuality "1"]

{[%evp 10,53,29,26,37,7,98,62,202,204,207,190,242,250,252,242,350,350,546,554,532,398,408,366,380,369,412,403,474,500,1102,1067,1392,1365,1281,642,2148,2123,1843,1453,1348,1335,29991,29992,29992,29993]} 1. e4 c5 2. Nf3 d6 3. c3 Qa5 4. Bd3 (4. Na3 Nf6 5. e5 dxe5 6. Nc4 Qc7 7. Ncxe5 Nbd7 8. d4 cxd4 9. cxd4 e6 10. Bd3 Bb4+ 11. Bd2 Bxd2+ 12. Qxd2 {0-1 (85) Tokranovs,D (2348)-Chigaev,M (2555) Katowice 2017}) 4... Nf6 5. O-O Nc6 6. h3 {LiveBook: 3 Partien. B22: Sizilianisch (Alapin 2.c3)} a6 7. Bc2 c4 $146 (7... g5 $1 $11) ({Vorgänger:} 7... Qc7 8. Re1 Ne5 9. d3 Ng6 10. d4 cxd4 11. cxd4 e6 {0-1 (53) Sofrevska Andonova,L (2010)-Bjelajac Prokopovic,O (2100) Arandjelovac 1981}) 8. a4 {[%cal Ba2a4,Ba4b5][%mdl 32] Weiß steht besser.} (8. Na3 {looks sharper.} b5 9. b3 cxb3 10. axb3 b4 11. cxb4 Nxb4 12. d4) 8... b5 {[#]} ({Besser ist} 8... e5 $14) 9. axb5 $1 $18 Qxa1 10. bxc6 Qa5 (10... e6 $142 11. e5 Nd5) 11. Na3 Qc7 12. Nxc4 e5 (12... e6 {kämpft weiter.} 13. d4 a5) 13. d4 exd4 (13... Be7 {ist eine bessere Verteidigung.} 14. b4 exd4 15. Nxd4 Be6) 14. cxd4 {[%cal Bc3d4,Bd4d5][%mdl 32]} Be7 15. d5 O-O 16. Bd2 a5 17. Re1 Re8 18. Bc3 {[#] Schwarz muss nun e5 beachten.} Bf8 19. e5 {[%cal Be4e5,Be5d6,Bd6d7][%mdl 32]} Nxd5 (19... dxe5 $142 20. Bxe5 Rxe5) 20. Qxd5 Be6 21. Qd3 {[%csl Gc2][%cal Rd3h7]} g6 22. Nxd6 Bxd6 23. exd6 {jetzt Dd4 und aus.} Qb6 24. Qd4 Qxd4 25. Nxd4 Bc4 26. Rxe8+ Rxe8 27. d7 {Precision: Weiß = 63%, Schwarz = 25%.} 1-0

[Event "29th Czech Open-Rapid 2018"]
[Site "Pardubice"]
[Date "2018.07.18"]
[Round "1"]
[White "MALTSEVSKYAY, ALEKSANDRA"]
[Black "Trost, Martin"]
[Result "1-0"]
[WhiteElo "2297"]
[BlackElo "1838"]
[Annotator "TA"]
[PlyCount "62"]
[EventDate "2018.07.18"]
[EventType "swiss"]
[EventCountry "CZE"]
[SourceTitle "playchess.com"]
[Source "ChessBase"]
[SourceQuality "1"]

{[%evp 25,62,49,48,20,52,52,50,45,78,64,75,67,74,52,60,43,42,1,4,1,15,0,42,39,31,30,441,434,986,968,964,939,2774,2766,2077,1249,1238,1233,1189]} 1. c4 e6 2. Nf3 Nf6 3. g3 d5 4. Bg2 Be7 5. O-O O-O 6. d4 c6 7. Qc2 Nbd7 8. Nbd2 Re8 9. Rd1 b6 10. e4 dxe4 11. Nxe4 Nxe4 12. Qxe4 Bb7 13. Bf4 Nf6 {LiveBook: 3 Partien. E09: Katalanisch} 14. Qc2 Bf8 $146 ({Vorgänger:} 14... Qc8 15. Bh3 h6 16. Re1 Bb4 17. Re3 g5 18. Be5 Nd7 19. Bg4 f5 20. Bh5 Rd8 21. a3 Be7 22. Rae1 Rf8 23. g4 c5 24. gxf5 Nxe5 25. Rxe5 Bf6 26. fxe6 Bxe5 27. Rxe5 Kg7 28. d5 {1-0 (28) Ankit,R (2467)-Bhakti,K (2257) Novi Sad 2015}) 15. b3 Qe7 {Weiß steht etwas besser.} 16. Re1 Rac8 17. Rad1 h6 18. h4 Red8 19. Ne5 Nd7 20. Ng4 Nf6 21. Ne3 Nh5 22. Be5 f6 23. Qe2 fxe5 24. Qxh5 {Droht Sg4 und aus.} exd4 25. Ng4 $1 $36 {[%mdl 2048] [#] Droht stark Dg6. Weiss kämpft um Vorteil.} c5 $2 {[%mdl 8192]} (25... Qf7 $11 26. Qxf7+ Kxf7) 26. Qg6 $1 $18 {[%csl LRe6,LRh6] Schwarz muss nun Lxb7 beachten.Weiß steht klar auf Gewinn.} Bxg2 (26... Kh8 $142 27. Rxe6 Rd6 28. Rxe7 Rxg6) 27. Nxh6+ ({Nicht} 27. Kxg2 Kh8 $16) 27... Kh8 28. Nf7+ Kg8 29. Ng5 Qxg5 30. hxg5 Bh3 31. Qh5 {[#] jetzt g6 und aus.} Bf5 {Precision: Weiß = 59%, Schwarz = 35%.} 1-0

[Event "29th Czech Open-Rapid 2018"]
[Site "Pardubice"]
[Date "2018.07.18"]
[Round "1"]
[White "Gabr, Mohsen"]
[Black "SKOLOUD, BARNABAS"]
[Result "*"]
[WhiteElo "2287"]
[BlackElo "1637"]
[Annotator "NA"]
[PlyCount "42"]
[EventDate "2018.07.18"]
[EventType "swiss"]
[EventCountry "CZE"]
[SourceTitle "playchess.com"]
[Source "ChessBase"]
[SourceQuality "1"]
[TimeControl "900+10"]

1. d4 {[%emt 0:00:00]} f5 {[%emt 0:00:00]} 2. g3 {[%emt 0:00:00]} Nf6 {[%emt 0:00:00]} 3. Bg2 {[%emt 0:00:00]} e6 {[%emt 0:00:00]} 4. Nf3 {[%emt 0:00:07]} Be7 {[%emt 0:00:00]} 5. O-O {[%emt 0:00:03]} O-O {[%emt 0:00:00]} 6. c4 {[%emt 0:00:04]} d6 {[%emt 0:00:00]} 7. Nc3 {[%emt 0:00:06]} Ne4 {[%emt 0:00:02]} 8. Qc2 {[%emt 0:00:13]} Nxc3 {[%emt 0:01:34]} 9. Qxc3 {[%emt 0:00:05]} Bf6 {[%emt 0:00:07]} 10. Qc2 {[%emt 0:00:16]} e5 {[%emt 0:00:05]} 11. dxe5 {[%emt 0:00:12]} dxe5 {[%emt 0:00:01]} 12. Rd1 {[%emt 0:00:46]} Qe8 {[%emt 0:00:01]} 13. e4 {[%emt 0:00:12]} Nc6 {[%emt 0:00:12]} 14. Be3 {[%emt 0:01:00]} Qg6 {[%emt 0:00:29]} 15. Nd2 {[%emt 0:05:50]} f4 {[%emt 0:00:38]} 16. Bc5 {[%emt 0:00:02]} Rf7 {[%emt 0:03:02]} 17. Kh1 {[%emt 0:01:03]} b6 {[%emt 0:00:04]} 18. Ba3 {[%emt 0:00:10]} Nd4 {[%emt 0:00:41]} 19. Qd3 {[%emt 0:00:25]} a5 {[%emt 0:03:07]} 20. gxf4 {[%emt 0:00:26]} exf4 {[%emt 0:00:02]} 21. Rg1 {[%emt 0:00:02]} Qh5 {[%emt 0:01:39]} *

[Event "29th Czech Open-Rapid 2018"]
[Site "Pardubice"]
[Date "2018.07.18"]
[Round "1"]
[White "Slovak, Kilian"]
[Black "Mirzoev, Emil"]
[Result "0-1"]
[WhiteElo "2285"]
[BlackElo "2412"]
[Annotator "TA"]
[PlyCount "64"]
[EventDate "2018.07.18"]
[EventType "swiss"]
[EventCountry "CZE"]
[SourceTitle "playchess.com"]
[Source "ChessBase"]
[SourceQuality "1"]

{[%evp 9,64,0,20,0,5,0,11,-9,8,-22,-32,-31,0,-40,-24,-39,-40,-34,0,0,11,15,8,-25,0,-19,-16,-29,-25,-32,-32,-32,-29,-28,-33,-22,-29,-52,-44,-43,-18,-89,-75,-147,-150,-152,-149,-136,-137,-170,-170,-164,-155,-197,-199,-231,-216]} 1. e4 e6 2. d4 d5 3. Nc3 Nc6 4. e5 f6 5. exf6 (5. Bb5 Qd7 6. Nf3 a6 7. Bd3 fxe5 8. dxe5 Nh6 9. O-O g6 10. Bf4 Bg7 11. Qd2 Nf7 12. Rfe1 b6 13. a3 {½-½ (47) Najer,E (2707)-Rapport,R (2675) Tbilisi 2017}) 5... Qxf6 6. Nf3 {C10: Französische Verteidigung (Rubinstein-Variante)} Bd6 7. Bg5 Qf7 8. Be2 {Die Stellung ist ausgeglichen.} Nge7 9. O-O a6 10. Qd2 $146 ({Vorgänger:} 10. Qe1 O-O 11. Bd1 h6 12. Bd2 Ng6 13. Ne2 Bd7 14. c3 e5 15. dxe5 Ncxe5 16. Nxe5 Nxe5 17. Bc2 Rae8 18. Be3 Ng4 19. Ng3 Bxg3 {0-1 (19) Wozniak,M (1983)-Seps,M (2244) Meissen 2013}) 10... O-O 11. Rae1 Ng6 12. a3 h6 13. Be3 Nf4 14. Bxf4 Bxf4 15. Qd1 Bd7 16. Bd3 Rae8 17. Ne2 Bd6 18. Ng3 e5 19. dxe5 Nxe5 20. Nxe5 Rxe5 21. Rxe5 Bxe5 22. c3 c6 $36 {[%mdl 2048] Schwarz hat Initiative.} 23. Qc2 Qf4 24. Re1 Bd6 25. Re3 (25. c4 $11) 25... Qg5 $17 26. Rf3 (26. Re2 $142) 26... Rxf3 {Schwarz steht deutlich besser.} 27. gxf3 h5 {...h4 ist eine echte Drohung.} 28. Bf5 {[#]} Bxf5 $1 29. Qxf5 Qxf5 30. Nxf5 Bf4 31. b3 Kf7 32. h3 Kf6 {Precision: Weiß = 32%, Schwarz = 58%.} 0-1

[Event "29th Czech Open-Rapid 2018"]
[Site "Pardubice"]
[Date "2018.07.18"]
[Round "1"]
[White "Mosesov, Danylo"]
[Black "Bernadskiy, Vitaliy"]
[Result "0-1"]
[WhiteElo "2282"]
[BlackElo "2586"]
[Annotator "TA"]
[PlyCount "148"]
[EventDate "2018.07.18"]
[EventType "swiss"]
[EventCountry "CZE"]
[SourceTitle "playchess.com"]
[Source "ChessBase"]
[SourceQuality "1"]

{[%evp 17,148,9,25,23,29,22,29,-40,-42,-75,-73,-70,-63,-74,-58,-72,-58,-60,-64,-60,-65,-80,-74,-153,-150,-147,-138,-218,-223,-227,-219,-222,-166,-166,-167,-230,-225,-226,-227,-237,-225,-230,-227,-270,-218,-252,-263,-259,-259,-253,-263,-268,-263,-272,-266,-246,-246,-246,-248,-251,-239,-242,-242,-233,-231,-243,-233,-243,-214,-245,-191,-192,0,-257,-245,-238,-196,-181,0,-236,-233,-223,-187,-172,0,-242,-98,-98,-98,-115,-95,-95,-79,-113,-69,-195,-186,-187,-175,-158,-152,-153,-132,-132,-131,-129,-128,-100,-110,-740,-739,-739,-739,-735,-497,-497,-497,-728,-454,-412,-247,-1704,-1701,-1680,-1668,-1618,-1450,-1805,-1493,-1275,-1154,-29949,-29952]} 1. Nf3 d5 2. c4 e6 3. g3 g6 4. Bg2 Bg7 5. O-O Ne7 6. d4 Nbc6 7. Nc3 O-O 8. cxd5 exd5 9. Bf4 a6 {LiveBook: 3 Games. A13: English Opening: 1...e6} 10. Qd2 (10. Rc1 h6 11. h4 Be6 12. Qd2 Kh7 13. Rfd1 Qd7 14. Ne5 Nxe5 15. dxe5 Rad8 16. e4 d4 17. Nd5 Bxd5 18. exd5 Nxd5 19. Qxd4 Nxf4 20. Qxd7 {½-½ (34) Gaehwiler,G (2427)-Malakhov,V (2691) Germany 2018}) 10... Nf5 $146 ({Predecessor:} 10... Bg4 11. Ne5 Nxe5 12. Bxe5 c6 13. Bxg7 Kxg7 {½-½ (34) Rosen,L (2335)-Iniguez,M (2346) ICCF email 2012}) 11. Rfd1 h6 {The position is equal.} 12. Ne5 (12. Rac1 $11) 12... g5 $15 13. Be3 Nxe5 14. dxe5 Nxe3 15. Qxe3 c6 16. Na4 Qe7 17. Nb6 Rb8 18. Nxc8 Rbxc8 19. f4 f6 20. e6 ({White should try} 20. Rf1) 20... f5 $17 21. fxg5 hxg5 22. Rd2 (22. Rd3 $17) 22... Rce8 $19 23. Rf1 g4 (23... Qxe6 24. Qxg5 Qh6 25. Qxh6 $17) 24. Qb3 Kh8 (24... Qxe6 25. Rxd5 $1 {[%mdl 512]} Bxb2 26. Rd7 $15) 25. Kh1 Rf6 (25... Qxe6 26. Qxb7 Rb8 27. Qxa6 $15) 26. Rdd1 (26. e3 $142) 26... Ref8 ({But not} 26... Rxe6 27. Rxf5 Rxe2 28. Qa4) (26... Qxe6 27. Qxb7 Qxe2 28. Qd7) 27. Rf2 Rxe6 28. Rdf1 Re5 29. Qc2 Qe6 30. h3 Bh6 {...Be3 is the strong threat.} 31. hxg4 {[%cal Rf2f5]} Be3 32. Bf3 Bxf2 33. Rxf2 Kg7 34. gxf5 Qxf5 35. Qc3 Qg5 36. Rh2 Rh8 ({Don't go for} 36... Qxg3 $2 37. Rg2 $18) 37. Rxh8 Kxh8 {[%mdl 4096] Endgame KQR-KQB} 38. Kg2 Kg8 39. Qb4 Qe7 40. Qg4+ Rg5 41. Qc8+ Kg7 42. b3 Rg6 43. a4 Rf6 44. Qg4+ Rg6 (44... Kf7 $142 45. Qh3 Kg7) 45. Qc8 $1 a5 46. Qb8 Rd6 47. Qa7 Rg6 (47... Qc7 $142 48. Qd4+ Rf6) 48. Qb8 $1 d4 49. Qa7 Qb4 50. Qb8 Qe7 ({Don't play} 50... Qxb3 51. Qe5+ Kf8 52. Qxa5 $15) (50... Re6 $142 $1 51. Qc7+ Re7) 51. Qa7 $1 Qd7 (51... c5 $1 $19 {has better winning chances.} 52. Qxa5 b6) 52. Qxa5 $17 Qd6 53. g4 Rh6 54. Qg5+ Kh8 55. Kf2 Rh2+ 56. Ke1 (56. Bg2 $1 $15) 56... d3 $19 {Threatens to win with ...dxe2.} 57. Qe3 dxe2 58. Bxe2 Rh1+ 59. Kf2 {intending Qc3+.} Qh2+ 60. Kf3 {[#] Intending Qe8+ and mate.} Qh3+ $1 61. Ke4 {[#]} Qxe3+ $1 62. Kxe3 $17 {KR-KB} Rh3+ 63. Kd4 $2 {[%mdl 8192]} (63. Bf3 $17) 63... Rxb3 $19 64. Kc5 Ra3 65. Kb4 Re3 66. Bc4 Re5 67. Bd3 (67. a5 $142 Kh7 68. a6 bxa6 69. Bxa6) 67... Kg7 68. a5 Kf6 69. Bf5 $2 (69. a6 c5+ 70. Kc3 bxa6 71. Bxa6) 69... Rb5+ 70. Ka4 Ke5 71. Bc8 Kd6 72. a6 b6 73. Ka3 Kc7 74. Bb7 Rg5 {Precision: White = 43%, Black = 68%.} 0-1

[Event "29th Czech Open-Rapid 2018"]
[Site "Pardubice"]
[Date "2018.07.18"]
[Round "1"]
[White "Petr, Jan"]
[Black "Manik, Mikulas"]
[Result "0-1"]
[WhiteElo "2282"]
[BlackElo "2400"]
[Annotator "TA"]
[PlyCount "141"]
[EventDate "2018.07.18"]
[EventType "swiss"]
[EventCountry "CZE"]
[SourceTitle "playchess.com"]
[Source "ChessBase"]
[SourceQuality "1"]

{[%evp 9,141,40,34,14,23,18,19,29,16,9,56,38,135,0,0,0,0,0,5,-20,-27,-39,-34,-35,-14,-27,-16,-7,-6,-38,33,23,28,19,27,0,11,0,34,27,37,-40,-51,-41,-37,-81,-81,-76,-66,-58,-54,-131,-133,-272,-272,-272,-257,-265,-235,-247,-240,-248,-226,-239,-223,-227,-218,-214,-56,-56,-54,-128,-128,-135,-127,-139,-139,-139,-139,-164,-139,-155,-139,-139,-139,-139,-139,-127,-72,-71,0,-111,-44,-164,-161,-160,-159,-151,-166,-158,-170,-234,-172,-194,-165,-187,-158,-157,-157,-180,-152,-242,-235,-183,-152,-468,-445,-466,-447,-802,-734,-831,-622,-807,-760,-848,-808,-1114,-1083,-1061,-1031,-995,-982,-797]} 1. e4 c5 2. c3 d5 3. exd5 Qxd5 4. Nf3 g6 5. Na3 (5. d4 Bg7 6. Be2 Nf6 7. c4 Qd8 8. d5 b5 9. O-O O-O 10. a3 bxc4 11. Bxc4 Nbd7 12. Nc3 Nb6 13. Qb3 Nxc4 14. Qxc4 Qb6 15. Re1 Ba6 16. Qh4 Rfe8 17. Ne5 Bb7 {0-1 (32) Bologan,V (2640)-Morozevich,A (2683) Sochi 2016}) 5... Bg7 {LiveBook: 61 Games} 6. Be2 {B22: Sicilian: 2 c3} Nh6 $146 ({Predecessor:} 6... Nf6 7. O-O O-O 8. d4 cxd4 9. Nxd4 e5 10. Ndb5 Qc6 11. Qd6 Ne8 12. Qb4 {1-0 (51) Savic,M (2515)-Cetkovic,M (2241) Cetinje 2012}) 7. O-O O-O 8. d4 {The position is equal.} cxd4 9. Nb5 {Black must now prevent Bxh6.} Na6 10. Nbxd4 (10. Re1 {seems wilder.} Nf5 11. Nfxd4 Nxd4 12. Nxd4 Nc5 13. Be3) 10... e5 (10... Nc7 $14) 11. Qb3 ({White should play} 11. Bxh6 $1 $16 Bxh6 12. Nf5 $1 {[%mdl 512]} Qxd1 13. Nxh6+ Kg7 14. Raxd1 (14. Bxd1 f6 $16)) 11... Qxb3 $11 12. Nxb3 Nf5 13. Rd1 b6 14. h3 Nc7 15. Ng5 {[%cal Bf3g5,Bg5e4,Be4d6][%mdl 32]} h6 16. Ne4 Bb7 17. Bf3 {Hoping for Rd7.} Rab8 18. Rd7 Rfc8 19. Be3 Nh4 (19... Kf8 $15) 20. Nd6 $14 Nxf3+ 21. gxf3 Bxf3 22. Nxc8 Rxc8 23. a4 Bc6 (23... Bd5 $5 {[%cal Rd5b3]} 24. c4 Be6 $15) 24. Rd6 Nd5 25. c4 (25. Rd1 $1 $14 Nxe3 26. fxe3) 25... Nxe3 $15 26. fxe3 Bf8 27. Rd3 Be4 $36 {[%mdl 2048] Black is really pushing.} 28. Rd7 Bf5 29. Rxa7 Rxc4 30. Rb7 ({White should try} 30. a5 $1 $15) 30... Rb4 $17 ({Worse is} 30... Bxh3 31. Rxb6 Be7 32. a5 $14) 31. a5 (31. Nd2 $17) 31... Rxb3 $19 32. a6 Be4 33. Rb8 {aiming for Ra4.} Rxb2 ({Don't do} 33... Rxe3 34. Ra4 $17) 34. a7 Kg7 $1 35. Ra4 Bf3 36. a8=Q Bxa8 37. Rbxa8 {[%mdl 4096] Endgame KRR-KRB} Bc5 38. Re4 Re2 $2 (38... Kf6 $19 39. Re8 Bd6) 39. Rxe5 $15 Bxe3+ 40. Kf1 (40. Kh1 $1 $15) 40... Rf2+ $17 41. Ke1 Bd4 $1 42. Rd5 Rf4 43. Rad8 Bc5 44. Ke2 h5 45. Rd3 Rf2+ 46. Ke1 Rf6 47. R8d7 Rf4 48. Ke2 Re4+ ({Better is} 48... Rf2+ 49. Ke1 Kh6) 49. Kf1 Rf4+ 50. Ke2 $1 g5 (50... Rf2+ $17 51. Ke1 Kf6 52. R7d6+ Kg5 53. R6d5+ Rf5 54. Rg3+ Kf6 55. Rxf5+ Kxf5 56. Rf3+ Ke6) 51. R3d5 (51. Rf3 $15) 51... Kg6 $19 52. Rd8 Rf2+ 53. Ke1 {[#] And now Rxc5! would win.} Rf5 $1 54. Rg8+ Kf6 55. Rd7 (55. Rxf5+ $142 Kxf5 56. Rh8) 55... Ke6 56. Rd3 {[#]} f6 $1 57. Rh8 h4 58. Re8+ Kf7 59. Re4 Kg6 60. Ke2 (60. Re8 $17) 60... Rf2+ 61. Ke1 Ra2 62. Re6 $2 (62. Rf3 $17 {is tougher.}) 62... Kf5 {Black is clearly winning.} 63. Rc6 Ke5 64. Rc8 (64. Kd1 $142 f5 65. Rg6) 64... f5 65. Rg8 Kf4 66. Rh8 Rh2 67. Ra8 Be3 68. Raa3 Rxh3 69. Ra4+ Ke5 70. Ke2 f4 71. Rd8 {Precision: White = 33%, Black = 60%.} 0-1

[Event "29th Czech Open-Rapid 2018"]
[Site "Pardubice"]
[Date "2018.07.18"]
[Round "1"]
[White "Meleshko, Vladimir"]
[Black "Zdrazil, Jan"]
[Result "1-0"]
[WhiteElo "2268"]
[BlackElo "1953"]
[Annotator "TA"]
[PlyCount "56"]
[EventDate "2018.07.18"]
[EventType "swiss"]
[EventCountry "CZE"]
[SourceTitle "playchess.com"]
[Source "ChessBase"]
[SourceQuality "1"]

{[%evp 9,56,9,12,-10,-12,-12,-16,-39,-18,-57,-35,-48,-41,-50,-32,-45,-45,-45,-45,-45,-47,-71,-45,-45,-52,-77,-37,-35,22,29,82,87,77,84,98,89,186,187,179,187,612,618,615,610,641,631,784,777,979]} 1. e4 c5 2. Nf3 d6 3. Bb5+ Nd7 4. d4 Ngf6 5. e5 cxd4 {LiveBook: 16 Games} 6. O-O {B51: Sicilian: Moscow Variation (3 Bb5+) without 3...Bd7} dxe5 7. Nxe5 Qb6 8. Na3 $146 {[%cal Bb1a3,Ba3c4,Bc4b2,Bb2d3,Bd3f4,Bf4e6][%mdl 32] The position is equal.} ({Predecessor:} 8. Qe2 a6 9. Ba4 Qa5 10. Nc4 Qc7 11. Ne5 e6 12. Re1 Bd6 13. Nxf7 Bxh2+ {0-1 (32) Ferrer Roig,J (2156)-Safarli,E (2568) Palma de Mallorca 2008}) 8... e6 9. Bxd7+ Bxd7 10. Nac4 Qc5 11. b3 b5 {[%cal Bb7b5,Bb5b4][%mdl 32]} 12. Ba3 Qd5 13. Bxf8 Kxf8 14. Nxd7+ Nxd7 15. Nb2 $1 f6 16. a4 b4 $1 17. Nd3 a5 18. Nf4 Qd6 {[#]} (18... Qc6 $15) 19. Qxd4 $1 $11 {[%mdl 512]} Qxd4 (19... Ke7 $11 20. Qe4 Ne5) 20. Nxe6+ $16 Kf7 21. Nxd4 Rac8 22. Rad1 $36 {[%mdl 2048] Strongly threatening Nb5. White has strong initiative.} Rhd8 (22... Nb6 $16) 23. Nf5 $18 Rc7 24. Rfe1 Kg6 $2 {[#]} (24... Kf8 25. Kf1 Rdc8) 25. g4 {White is clearly winning.} h5 26. h3 hxg4 27. hxg4 Kg5 28. Nxg7 Kxg4 {Precision: White = 72%, Black = 21%.} 1-0

[Event "29th Czech Open-Rapid 2018"]
[Site "Pardubice"]
[Date "2018.07.18"]
[Round "1"]
[White "Tsvetkov, Andrey"]
[Black "Shyam, Sundar M"]
[Result "0-1"]
[WhiteElo "2259"]
[BlackElo "2527"]
[Annotator "TA"]
[PlyCount "70"]
[EventDate "2018.07.18"]
[EventType "swiss"]
[EventCountry "CZE"]
[SourceTitle "playchess.com"]
[Source "ChessBase"]
[SourceQuality "1"]

{[%evp 18,70,40,42,85,76,112,53,41,47,60,62,69,18,88,0,0,0,0,0,0,0,7,6,8,8,29,24,71,8,23,0,0,0,-12,-12,0,-27,-31,-94,-85,-129,-124,-125,-120,-131,-106,-164,-169,-175,-170,-175,-172,-919,-909]} 1. d4 Nf6 2. c4 {[%cal Bc2c4,Bc4b5][%mdl 32]} c5 3. d5 b5 4. cxb5 a6 5. bxa6 g6 6. Nc3 {A58: Benko/Volga Gambit: Lines with 5 bxa6} Bg7 7. e4 (7. Nf3 O-O 8. g3 d6 9. Bg2 Nxa6 10. O-O Bf5 11. Nh4 Bd7 12. b3 Qb6 13. Bd2 Rfb8 14. Re1 Nc7 15. Qc2 Ra3 16. Qc1 Qa7 17. e4 Ng4 18. h3 {0-1 (38) Li,C (2732)-Shankland,S (2671) Liaocheng 2018}) 7... O-O 8. a7 Rxa7 9. Nf3 e6 10. Be2 {LiveBook: 34 Games} Ba6 11. O-O exd5 12. exd5 ({Don't do} 12. Nxd5 Bxe2 13. Nxf6+ (13. Qxe2 Nxd5 14. exd5 Re8 $14) 13... Qxf6 $11) (12. e5 $1 $16 {[%cal Re5f6]} Bxe2 13. Qxe2 (13. Nxe2 Ng4 $14)) 12... d6 13. Bf4 Nh5 $146 ({Predecessor:} 13... Qb6) 14. Bg5 Qb6 15. Qb3 (15. Rb1 $14) 15... Nd7 (15... Rb7 $11 {remains equal.}) 16. Qxb6 (16. Nb5 $16) 16... Nxb6 $11 17. Bxa6 Rxa6 18. Be7 Rc8 {aiming for ...Bxc3.} 19. Bxd6 Bxc3 20. bxc3 Nxd5 21. Be5 f6 22. Rfd1 Nb6 {[#]} 23. Bg3 ({Better is} 23. g4 $1 $16) 23... Rca8 24. Bd6 Na4 25. c4 Nc3 26. Rd3 Ne4 27. Bg3 (27. Bc7 {is interesting.} Rxa2 28. Rxa2 Rxa2 29. g4 Ng7 30. Rd8+) 27... Rxa2 $40 {[%mdl 128] Black mounts an attack.} 28. Rxa2 (28. Re1 $15 Nhxg3 29. fxg3) 28... Rxa2 $17 29. h3 Nhxg3 30. fxg3 Nxg3 {KRN-KRN} 31. Rd8+ Kg7 32. Rd7+ (32. Rc8 $17) 32... Kh6 $19 33. Rc7 {[#]} Ne2+ $1 34. Kf1 Nf4 35. Rxc5 $2 (35. Ne1) 35... Ra1+ {Precision: White = 39%, Black = 49%.} 0-1